000 00334nam a2200133Ia 4500
008 191201s1960 xx 000 0 und d
082 _a677.21
_bMEC
100 _aMERRILL, Gilbert R
245 0 _aCotton Opening and Picking
260 _aN.Delhi
_bVarnum Ave Lowell, M
_c1960
300 _a89
650 _aB.Tech(TE)
942 _2ddc
_cBK
999 _c2254
_d2254